000 01019nam0a22002771 4500
001 rc\210166
005 20050504142444.7
035 _a(NLR Aleph) 008748199
090 _a9559322
_c9559322
100 _a20030307d1991 u |0rusy50 ca
101 0 _arus
102 _aRU
105 _aa |||||||||
200 1 _aОб экономической структуре общества (спектр накоплений)
210 _aМ.
_cБ. и.
_d1991
215 _a[1], 43 с.
_cграф.
_d20
225 1 _aПрепринт
_fАН СССР. Физ. ин-т им. П.Н. Лебедева. Отд-ние теорет. физики
_v151
_iТеоретическая физика
606 1 _aДоходы населения
_yСССР
_2nlr_sh1
700 1 _aЧернавский
_bД. С.
_gДмитрий Сергеевич
701 1 _aРахимов
_bА. Х.
801 0 _aRU
_bNLR
_gpsbo
801 1 _aRU
_bELAR
_2rusmarc
801 2 _aRU
_bNLR
_c20050504
_2rusmarc
852 _aNLR
_j92-4/755
942 _cBOOK
980 _aNB